| 000 | 00572nam a2200181 i 4500 | ||
|---|---|---|---|
| 001 | bgj | ||
| 100 | 1 |
_aBUCHWALD, Reinhard _d(1884-1983). |
|
| 245 | 1 | 0 |
_aSchiller : _bZweiter Band : der Weg zur Vollendung : Mit vier Bildtafeln und einem Faksimile / _cReinhard Buchwald. |
| 260 |
_aWiesbaden : _bInsel-Verlag, _cc. 1954. |
||
| 300 |
_a497, [6], S. : _bIll., Faksim., ; _c22 cm. |
||
| 505 | _aRegister. | ||
| 600 | 1 | 9 | _aSchiller, Friedrich, 1759-1805 |
| 655 | _aBiographie | ||
| 040 | _cBPK | ||
| 041 | 0 | _ager | |
| 942 | _cKS | ||
| 008 | s gw f |000 0 ger | ||
| 999 |
_c50360 _d50360 |
||
| 856 |
_uhttp://koha.tu.koszalin.pl/cgi-bin/koha/opac-detail.pl?biblionumber=50360 _yKatalog online BPK |
||